000 01090nam a2200289 4500
001 0000012764
003 CO-CtgCURN
005 20250516154351.0
007 ta
008 160627s2002 000 0 eng d
020 _a9586903842
040 _aCO-CtgCURN
_bspa
_ccoctgcurn
082 0 _a347.7
_bL31c
100 1 _aLeal Pérez, Hildebrando.
245 1 0 _aCódigo de comercio /
_ccompilado, concordado y anotado por Hildebrando Leal Pérez.
250 _a18a ed.
260 _aBogotá :
_bLeyer,
_c2002.
300 _a860 p.
336 _2rdacontent
337 _2rdamedia
_asin mediacion
_bn
338 _2rdacarrier
_avolumen
_bnc
505 8 _aDe los comerciantes y de los asuntos de comercio.--De las sociedades comerciales.--De los bienes mercantiles.--De los contratos y obligaciones mercantiles.--Del contrato de seguro.--De la navegacion.--De la aeronautica.--Procedimientos
650 1 4 _aDerecho comercial
_vLegislacion
_zColombia.
908 _a160627
942 _cBK
_h347.7
_iL31c
_2ddc
_n0
999 _c20510
_d20510